|
|
|
|
| LEADER |
00000nas a2200000 a 4500 |
| 001 |
ssj0032058 |
| 003 |
WaSeSS |
| 005 |
20200512172242.0 |
| 006 |
m d |
| 007 |
cr n |
| 008 |
060630c199u9999nyu x ss 0 a0eng d |
| 035 |
|
|
|a (WaSeSS)ssj0032058
|
| 040 |
|
|
|a WaSeSS
|c WaSeSS
|d WaSeSS
|
| 043 |
|
|
|a f------
|a n-us---
|
| 050 |
|
4 |
|a DT30.5
|
| 130 |
0 |
|
|a U.S. African eye (Online)
|
| 245 |
1 |
0 |
|a U.S. African eye
|h [electronic resource].
|
| 246 |
3 |
|
|a US African eye
|
| 260 |
|
|
|a [New York] :
|b Newsday International
|
| 310 |
|
|
|a Irregular
|
| 362 |
1 |
|
|a Began in 1998?
|
| 500 |
|
|
|a Description based on: Vol. 1, iss. 11 (Oct. 1998); title from table of contents page (ProQuest, viewed Aug. 30, 2006).
|
| 506 |
|
|
|a License restrictions may limit access.
|
| 538 |
|
|
|a Mode of access: World Wide Web.
|
| 650 |
|
0 |
|a African Americans
|v Periodicals.
|
| 651 |
|
0 |
|a Africa
|x Politics and government
|v Periodicals.
|
| 651 |
|
0 |
|a United States
|x Relations
|z Africa
|v Periodicals.
|
| 655 |
|
0 |
|a Electronic journals.
|
| 776 |
1 |
|
|t U.S. African eye
|w (OCoLC)55646232
|
| 856 |
4 |
0 |
|z Full text available from Research Library: 10/01/1998 to 10/31/2002
|u https://search.proquest.com/publication/11343
|